Бухгалтерский финансовый учет в схемах и таблицах Учебное пособие
В наглядной форме даны не только основные понятия и порядок ведения бухгалтерского фи-нансового учета бухгалтерские проводки по типичным хозяйственным операциям а также пояс-нения по оформлению бухгалтерских операций в первичных документах и регистрах бухгалтер-ского учета. Материал основан на дейст...
Saved in:
| Main Author: | |
|---|---|
| Format: | Учебное пособие |
| Edition: | 2 |
| Online Access: | https://znanium.com/catalog/document?id=158020 https://znanium.com/cover/0754/754257.jpg |
| Tags: |
Add Tag
No Tags, Be the first to tag this record!
|
| LEADER | 02948nam0a2200385 i 4500 | ||
|---|---|---|---|
| 001 | RU\infra-m\znanium\bibl\754257 | ||
| 003 | https://znanium.com/catalog/document?id=158020 | ||
| 005 | 20240923000000.0 | ||
| 010 | |a 978-5-16-105464-2 |b электр. издание | ||
| 100 | |a 20240923d2016 m y0rusy0150 ca | ||
| 101 | 0 | |a rus | |
| 102 | |a RU | ||
| 200 | 1 | |a Бухгалтерский финансовый учет в схемах и таблицах |e Учебное пособие | |
| 205 | |a 2 |b перераб. и доп. | ||
| 210 | 1 | |a Москва |c ООО "Научно-издательский центр ИНФРА-М" |d 2016 | |
| 215 | |a 512 с. | ||
| 330 | |a В наглядной форме даны не только основные понятия и порядок ведения бухгалтерского фи-нансового учета бухгалтерские проводки по типичным хозяйственным операциям а также пояс-нения по оформлению бухгалтерских операций в первичных документах и регистрах бухгалтер-ского учета. Материал основан на действующей нормативной базе с последними изменениями. Для студентов в том числе при дистанционной форме обучения преподавателей экономиче-ских вузов и колледжей бухгалтеров-практиков а также слушателей бухгалтерских курсов. | ||
| 333 | |a Профессиональное образование | ||
| 606 | |a Экономика. Бухгалтерский учет. Финансы |x Финансовый учет |2 local | ||
| 608 | |a Учебное пособие |2 local | ||
| 675 | |a 657 |z rus | ||
| 686 | |a 6505 |2 rubbk | ||
| 686 | |a 38.00.00 |2 okso | ||
| 686 | |a 38.02.03 |2 okso | ||
| 686 | |a 38.02.07 |2 okso | ||
| 686 | |a 38.02.08 |2 okso | ||
| 686 | |a 38.03.01 |2 okso | ||
| 686 | |a 38.04.01 |2 okso | ||
| 686 | |a 38.04.08 |2 okso | ||
| 700 | 1 | |a Архипова |b Н.А. |g Наталья Анатольевна | |
| 701 | 1 | |a Корнеева |b Т. А. |g Татьяна Анатольевна |p Самарский государственный экономический университет | |
| 701 | 1 | |a Шатунова |b Г.А. |g Галина Александровна |p Самарский государственный экономический университет | |
| 801 | 0 | |a RU |b Общество с ограниченной ответственностью «ЗНАНИУМ» |c 20160818 |2 rusmarc | |
| 856 | 4 | |a znanium.com |m ebs_support@infra-m.ru |n НИЦ ИНФРА-М |u https://znanium.com/catalog/document?id=158020 | |
| 856 | 4 | 1 | |a znanium.com |d /cover/0754 |f 754257.jpg |q image/jpeg |u https://znanium.com/cover/0754/754257.jpg |